Quiz sur l'Argentine - Statistiques

Statistiques générales
  • Ce quiz a été pris 11 109 fois
  • Le résultat moyen est 12 sur 20
Statistiques - réponses
Question Réponse % Correct
Langue officielle Espagnol
99%
Capitale Buenos Aires
98%
Footballeur ayant remporté 8 Ballons d'Or Lionel Messi
88%
Devise monétaire Peso
84%
Footballeur ayant marqué en un match la « Main de Dieu » et le « But du Siècle » Diego Maradona
83%
Ancien pape né en Argentine François
77%
Chaîne de montagnes comprenant ce sommet Andes
73%
Révolutionnaire célèbre né en Argentine Che Guevara
72%
Pays contre lequel l'Argentine est entrée en guerre en 1982 Royaume-Uni
68%
Danse de bal originaire d'Argentine Tango
66%
Phénomène économique qui a atteint 12 000% en Argentine en 1989 Inflation
64%
Îles que ces pays se disputent Malouines
55%
Région mériodionale peu peuplée partagée avec le Chili Patagonie
48%
Estuaire commun aux fleuves Paraná et Uruguay, formant une frontière à l'est Río de la {Plata}
44%
Plaines fertiles du nord de l'Argentine Pampa
41%
Archipel où se trouve Ushuaïa Terre de Feu
40%
Chutes partagées avec le Brésil Chutes d'{Iguazú}
37%
Nom désignant « cowboy » argentin Gaucho
29%
Point culminant Aconcagua
20%
Type de barbecue argentin Asado
19%
Aucun quiz correspondant
Distribution des résultats
% des personnes avec chaque résultat
Percentile par nombre de réponses
Votre historique - résultats
Vous n’avez pas pris ce quiz